Countries With The Most Welsh Ancestry - Statistics

General Stats
  • This quiz has been taken 10 times
  • The average score is 13 of 15
Answer Stats
Welsh Country % Correct
145,000 Australia
100%
478,500 Canada
100%
10,000 New Zealand
100%
3,98 mil United Kingdom
100%
2,05 mil United States
100%
85,000 Argentina
89%
12,000 Brazil
89%
6,500 France
89%
3,600 Germany
89%
13,400 Ireland
89%
120,000 South Africa
89%
18,500 Spain
89%
20,000 Chile
78%
5,000 Italy
78%
3,000 South Korea
0%
No matching quizzes found
Score Distribution
Percent of People with Each Score
Percentile by Number Answered
Your Score History
You have not taken this quiz